| 000 | 01316nam0a22003011 4500 | ||
|---|---|---|---|
| 001 | rc\3444605 | ||
| 005 | 20260406200350.0 | ||
| 021 |
_aRU _b[70-37415] |
||
| 035 | _a(NLR Aleph) 007592074 | ||
| 090 |
_a5622490 _c5622490 |
||
| 100 | _a20130115d1970 |||y0rusy50 ca | ||
| 101 | 0 | _arus | |
| 102 | _aRU | ||
| 105 | _ay c ||||| | ||
| 200 | 1 |
_aЛенин и Осетия _e(Рек. указатель литературы) _fРесп. гос. науч. б-ка им. С.М. Кирова. Нац.-краевед. отд. 100-летию со дня рождения В.И. Ленина посвящается |
|
| 210 |
_aОрджоникидзе _cБ. и. _d1970 |
||
| 215 |
_a44 с. _d20 |
||
| 300 | _aСост. указан на обороте тит. л. | ||
| 607 |
_aСеверо-Осетинская АССР _xИстория _jБиблиография _2psbo |
||
| 700 | 1 |
_aГоджиева _bР.К. _4220 |
|
| 702 | 1 |
_aЛенин _bВ.И. _f1870-1924 _gВладимир Ильич _4570 |
|
| 712 | 0 | 2 |
_4570 _aСеверо-Осетинская республиканская библиотека им. С. М. Кирова _cОрджоникидзе _3RU\NLR\AUTH\889959858 _9415952 |
| 801 | 0 |
_aRU _bNLR _gpsbo |
|
| 801 | 1 |
_aRU _bELAR _2rusmarc |
|
| 852 |
_aNLR _j76/Г59 |
||
| 942 | _cBOOK | ||
| 980 | _aNB | ||